000 01435nam0a2200313 4500
001 RU\NLR\bibl\49566
005 20250616083507.0
010 _a5-7456-0008-Х
_9500
021 _aRU
_b99-24839
_91214
035 _a(NLR Aleph) 000048329
090 _a257471
_c257471
100 _a19990924d1999 |||y0rusy50 ca
101 0 _arus
102 _aRU
105 _aa |||||||||
200 1 _aТоварищество на вере как новая организационно-правовая форма хозяйствования
_fР.Б. Нурлыгаянов
_gМ-во сел. хоз-ва и продовольствия Рос. Федерации, Башк. гос. аграр. ин-т
210 _aУфа
_cБашк. гос. аграр. ун-т
_d1999
215 _a246 с.
_d20
300 _aНа обороте тит.л. авт.: к. с.-х. н., засл. работник сел. хоз-ва РБ
320 _aБиблиогр.: с. 119-132
606 0 _aСельское хозяйство
_yБашкортостан, Республика
_92101153
_3RU\NLR\auth\661270741
686 _aУ32(2Р-6Б)
700 1 _aНурлыгаянов
_bР. Б.
_gРазит Баязитович
_4070
801 0 _aRU
_bNLR
_c19990924
_gPSBO
801 1 _aRU
_bNLR
_c19990924
852 _aNLR
_j99-3/11303
942 _cBOOK
980 _aNB